LEADER 01350nam a2200301 i 4500 001 000000341057 003 CaOOAMICUS 005 20251219120347.0 008 200714s2019 be u000 u lat u 013 $a24692 020 $a978-2-503-58477-5 040 $aSeMil$bita 100 1 $aHermes : Trismegistus.$0(OLS)http://semarc/name/1337 245 10$a3.2: Ps. Apulei Asclepius /$cedidit Matteo Stefani. 264 1$aTurnhout :$bBrepols,$c2019. 300 $a258 p. ;$c26 cm 504 $aBibliografia, p. [149]-169 546 $aTesto in latino, introduzione e note in italiano 600 04$aAsclepio .$0(OLS)http://semarc/subject/49336 700 1 $aStefani, Matteo.$0(OLS)http://semarc/name/111745 773 0 $aHermes : Trismegistus$tHermes latinus.$dTurnhout : Brepols, 1994-$kCorpus Christianorum. Continuatio Mediaevalis$g3.2$w()6957 830 0$aCorpus Christianorum. Continuatio Mediaevalis ;$v143.$0(OLS)http://semarc/title/35 850 $aSeMil 852 $aSeMil$W1$xVenegono$y1$mSL2.F CC.CM 143$j265630$B232063$CSeMilBibl$Z2$F232063 $8I 996 $6020$a978-2-503-58477-5$9(OLS)http://semarc/number/290811 996 $6245$a3.2: Ps. Apulei Asclepius$9(OLS)http://semarc/title/430121 996 $6264$aTurnhout :$bBrepols$9(OLS)http://semarc/publisher/29626 LEADER 01410nam a2200265 i 4500 001 000000258503 003 CaOOAMICUS 005 20200312111158.0 008 180516s1775 xx u000 u fre u 013 $a237411 026 $anins e,e. 3.I. (b&8 (3) 1775 (R) 040 $aSeMil$bita 100 1 $aBailly, Jean-Sylvain,$d<1736-1793>.$0(OLS)http://semarc/name/89769 245 10$aHistoire de l'astronomie ancienne, depuis son origine jusq'a l'établissement de l'école d'Alexandrie; par m. Bailly .. 260 $aA Paris :$bChez les Frères Debure, Quai des Augustins, près de la rue Pavée,$c1775. 300 $a[2], XXII, 526 p., 3 carte di tav. ripieg. :$bill. ;$c4°. 500 $aSegn.: pg2 (-pg1) a-b4 c4(-c4) A-3T4 3V4(-3V4). 650 4$aAstronomia - Opere anteriori al 1900.$0(OLS)http://semarc/subject/26173 650 4$aAstronomia antica.$0(OLS)http://semarc/subject/47135 710 0 $aDebure frères$c.$0(OLS)http://semarc/name/89453 850 $aSeMil 852 $aSeMil$W1$xVenegono$y1$m3W VI 72 FA$j208849$B208849$CSeMilBibl$Z2$F222546 $8I 996 $6245$aHistoire de l'astronomie ancienne, depuis son origine jusq'a l'établissement de l'école d'Alexandrie; par m. Bailly ..$9(OLS)http://semarc/title/413455 996 $6260$aA Paris :$bChez les Frères Debure, Quai des Augustins, près de la rue Pavée$9(OLS)http://semarc/publisher/57756